Times por Escudo - Série A (Italia) 25/26 - Statistics

Estatísticas Gerais
  • Esse quiz foi jogado 59 vezes
  • A pontuação média é 17 de 20
Estatísticas das Respostas
Imagem Resposta % Correto
Juventus
100%
Roma
100%
Fiorentina
98%
Internazionale
98%
Lazio
98%
Milan
98%
Torino
94%
Atalanta
92%
Bologna
92%
Parma
92%
Genoa
90%
Como
88%
Udinese
86%
Lecce
82%
Napoli
82%
Sassuolo
82%
Verona
80%
Cagliari
78%
Cremonese
53%
Pisa
51%
Nenhum quiz correspondente encontrado
Distribuição das Pontuações
Porcentagem de Pessoas com Cada Pontuação
Percentil de Números Respondidos
Sua Pontuação Histórica
Você não jogou esse quiz